[Event "Mittelfrank Regionalliga Nord-West 2122"]
[Site "Mittelfranken"]
[Date "2022.05.08"]
[Round "8.8"]
[White "Rietveld, Leo"]
[Black "Hasenstab, Robin"]
[Result "0-1"]
[WhiteElo "1860"]
[BlackElo "1957"]
[PlyCount "90"]
[EventDate "2021.10.24"]
[EventType "team-tourn"]
[EventRounds "9"]
[EventCountry "GER"]
[SourceTitle "EXT 2024"]
[Source "ChessBase"]
[SourceDate "2023.10.10"]
[SourceVersion "1"]
[SourceVersionDate "2023.10.10"]
[SourceQuality "1"]
[WhiteTeam "Aschaffenburg"]
[BlackTeam "Sailauf"]
[WhiteTeamCountry "GER"]
[BlackTeamCountry "GER"]

1. e4 c5 2. Nc3 Nc6 3. f4 g6 4. Nf3 Bg7 5. a3 d6 6. Bc4 Nh6 7. 0-0 Bg4 8. Be2 0-0 9. d3 e6 10. Qe1 Rb8 11. h3 Bxf3 12. Bxf3 Nd4 13. Bd1 f5 14. Be3 b5 15. Kh1 a5 16. Rc1 b4 17. Nb1 Kh8 18. Nd2 a4 19. Nc4 Nf7 20. Bxd4 Bxd4 21. c3 Bg7 22. exf5 exf5 23. Bxa4 bxa3 24. bxa3 d5 25. Ne5 Nxe5 26. fxe5 Ra8 27. e6 Bf6 28. Qd1 Qd6 29. Re1 Ra7 30. Bb5 Rxa3 31. d4 Rb8 32. dxc5 Qxc5 33. c4 d4 34. Qe2 d3 35. Qd1 Rd8 36. Rb1 d2 37. Re2 Rad3 38. Bd7 Qd6 39. c5 Qd5 40. e7 Rxh3+ 41. Kg1 Bd4+ 42. Rf2 Bxf2+ 43. Kf1 Qd3+ 44. Qe2 Qxb1+ 45. Kxf2 Qe1+ 0-1

[Event "Hessen-chA"]
[Site "Frankfurt"]
[Date "2019.06.02"]
[Round "7"]
[White "Hasenstab, Robin"]
[Black "Cherny, Andrey"]
[Result "1-0"]
[WhiteElo "1807"]
[BlackElo "2193"]
[PlyCount "91"]
[EventDate "2019.05.30"]
[EventType "swiss"]
[EventRounds "7"]
[EventCountry "GER"]
[SourceTitle "EXT 2020"]
[Source "ChessBase"]
[SourceDate "2019.10.17"]
[SourceVersion "1"]
[SourceVersionDate "2019.10.17"]
[SourceQuality "1"]

1. d4 d5 2. Nf3 Nc6 3. Bf4 Bf5 4. c3 e6 5. e3 Bd6 6. Bxd6 cxd6 7. Bd3 Bg6 8. 0-0 Nf6 9. Bxg6 hxg6 10. Ng5 Nh7 11. Nxh7 Rxh7 12. Qg4 Rh4 13. Qg3 Qe7 14. Nd2 0-0-0 15. c4 dxc4 16. Nxc4 Kb8 17. Rac1 Rh5 18. Rfd1 Rd5 19. a3 a5 20. f3 Rg5 21. Qe1 Rh8 22. b4 axb4 23. axb4 d5 24. b5 dxc4 25. bxc6 b5 26. g4 Qd6 27. h4 Rd5 28. Ra1 Qxc6 29. Qa5 Qb7 30. Rdb1 c3 31. e4 c2 32. exd5 cxb1Q+ 33. Rxb1 Qa7 34. Rxb5+ Ka8 35. Qb4 Rb8 36. Rxb8+ Qxb8 37. Qxb8+ Kxb8 38. dxe6 fxe6 39. Kf2 Kc7 40. Ke3 g5 41. hxg5 Kc6 42. Ke4 Kd7 43. g6 Ke7 44. Ke5 Kd7 45. f4 Ke7 46. f5 1-0

[Event "Regionalliga Nord-West 1819"]
[Site "Bayern"]
[Date "2019.04.07"]
[Round "9.6"]
[White "Weck, Hans"]
[Black "Hasenstab, Robin"]
[Result "0-1"]
[WhiteElo "1836"]
[BlackElo "1789"]
[PlyCount "58"]
[EventDate "2018.10.21"]
[EventType "team-tourn"]
[EventRounds "9"]
[EventCountry "GER"]
[SourceTitle "EXT 2022"]
[Source "ChessBase"]
[SourceDate "2021.10.06"]
[SourceVersion "1"]
[SourceVersionDate "2021.10.06"]
[SourceQuality "1"]
[WhiteTeam "Bad Neustadt"]
[BlackTeam "Sailauf"]
[WhiteTeamCountry "GER"]
[BlackTeamCountry "GER"]

1. Nf3 c5 2. c4 g6 3. Nc3 Bg7 4. g3 Nc6 5. Bg2 e6 6. 0-0 Nge7 7. e3 0-0 8. d4 d6 9. d5 exd5 10. cxd5 Ne5 11. Nxe5 Bxe5 12. e4 a6 13. a4 Bd7 14. Qe2 b5 15. axb5 axb5 16. Rxa8 Qxa8 17. Nxb5 Rb8 18. Nc3 Rb3 19. Qc2 Qb8 20. Re1 f5 21. Bh3 Qb4 22. Re2 Bxc3 23. bxc3 Rxc3 24. Qd2 Bb5 25. Bb2 Bxe2 26. Qxe2 Rc4 27. exf5 Re4 28. Qc2 Re1+ 29. Bf1 Qb5 0-1

[Event "Regionalliga Nord-West 1819"]
[Site "Bayern"]
[Date "2019.02.24"]
[Round "7.6"]
[White "Daum, Matthias"]
[Black "Hasenstab, Robin"]
[Result "1/2-1/2"]
[WhiteElo "1891"]
[BlackElo "1789"]
[PlyCount "52"]
[EventDate "2018.10.21"]
[EventType "team-tourn"]
[EventRounds "9"]
[EventCountry "GER"]
[SourceTitle "EXT 2022"]
[Source "ChessBase"]
[SourceDate "2021.10.06"]
[SourceVersion "1"]
[SourceVersionDate "2021.10.06"]
[SourceQuality "1"]
[WhiteTeam "Bamberg SC II"]
[BlackTeam "Sailauf"]
[WhiteTeamCountry "GER"]
[BlackTeamCountry "GER"]

1. c4 e5 2. Nc3 Bc5 3. Nf3 d6 4. e3 c6 5. d4 exd4 6. exd4 Qe7+ 7. Be2 Bb4 8. 0-0 Nf6 9. Bg5 Bxc3 10. bxc3 Bg4 11. Re1 0-0 12. Nh4 Be6 13. d5 cxd5 14. cxd5 Bc8 15. Bb5 Qd8 16. Qd4 a6 17. Bd3 Nbd7 18. Nf5 Ne5 19. Rad1 b5 20. Qh4 Bxf5 21. Bxf5 Ng6 22. Qd4 h6 23. Bxf6 Qxf6 24. Qxf6 gxf6 25. Bd7 Ne5 26. Bc6 Rac8 1/2-1/2

[Event "Regionalliga Nord-West 1819"]
[Site "Bayern"]
[Date "2019.02.03"]
[Round "6.7"]
[White "Kuespert, Helmut"]
[Black "Hasenstab, Robin"]
[Result "1/2-1/2"]
[WhiteElo "1931"]
[BlackElo "1789"]
[PlyCount "82"]
[EventDate "2018.10.21"]
[EventType "team-tourn"]
[EventRounds "9"]
[EventCountry "GER"]
[SourceTitle "EXT 2022"]
[Source "ChessBase"]
[SourceDate "2021.10.06"]
[SourceVersion "1"]
[SourceVersionDate "2021.10.06"]
[SourceQuality "1"]
[WhiteTeam "Marktleuthen"]
[BlackTeam "Sailauf"]
[WhiteTeamCountry "GER"]
[BlackTeamCountry "GER"]

1. e4 d5 2. exd5 Nf6 3. Nf3 Nxd5 4. d4 Bg4 5. Be2 e6 6. 0-0 c5 7. dxc5 Nc6 8. Bd2 Bxc5 9. Nc3 0-0 10. Ne4 Be7 11. h3 Bh5 12. Ng3 Bg6 13. c3 Bf6 14. Qc1 Qc7 15. Bg5 h6 16. Bxf6 Nxf6 17. Rd1 Rad8 18. Rxd8 Rxd8 19. Qe1 Qb6 20. b3 Qa5 21. c4 Qxe1+ 22. Rxe1 Nb4 23. Ra1 Rd6 24. Ne5 Bh7 25. Bf3 b6 26. a3 Nc2 27. Ra2 Nd4 28. b4 Nxf3+ 29. Nxf3 Rd1+ 30. Kh2 Rc1 31. Ne5 Ne4 32. Nxe4 Bxe4 33. f3 Bc2 34. c5 bxc5 35. bxc5 Bb3 36. Rb2 Rxc5 37. Nxf7 Kxf7 38. Rxb3 Ra5 39. Kg3 Ra4 40. Kf2 h5 41. g3 Kf6 1/2-1/2

[Event "Regionalliga Nord-West 1819"]
[Site "Bayern"]
[Date "2018.10.21"]
[Round "1.6"]
[White "Hasenstab, Robin"]
[Black "Drechsel, Hans Juergen"]
[Result "1-0"]
[WhiteElo "1789"]
[BlackElo "1507"]
[PlyCount "85"]
[EventDate "2018.10.21"]
[EventType "team-tourn"]
[EventRounds "9"]
[EventCountry "GER"]
[SourceTitle "EXT 2022"]
[Source "ChessBase"]
[SourceDate "2021.10.06"]
[SourceVersion "1"]
[SourceVersionDate "2021.10.06"]
[SourceQuality "1"]
[WhiteTeam "Sailauf"]
[BlackTeam "Seubelsdorf"]
[WhiteTeamCountry "GER"]
[BlackTeamCountry "GER"]

1. d4 d5 2. Nf3 Nc6 3. e3 Nf6 4. a3 e6 5. Bd3 Bd6 6. 0-0 0-0 7. Nbd2 Bd7 8. b3 e5 9. dxe5 Nxe5 10. h3 Re8 11. Be2 Qc8 12. Nh2 Bxh3 13. Ndf3 Neg4 14. gxh3 Nxh2 15. Nxh2 Qxh3 16. f4 Bc5 17. Rf3 Qd7 18. Qd3 Rad8 19. Kg2 Ne4 20. Bb2 Re6 21. Rg1 Rg6+ 22. Kf1 Rxg1+ 23. Kxg1 Qf5 24. Bf1 Rd6 25. Bg2 c6 26. b4 Bb6 27. Bd4 Bxd4 28. exd4 Rg6 29. c3 h5 30. Kf1 h4 31. Qe3 Ng3+ 32. Kg1 Qb1+ 33. Nf1 Ne4 34. Rh3 Qc2 35. Qf3 Rg3 36. Nxg3 hxg3 37. Rxg3 Nxg3 38. Qxg3 Qc1+ 39. Bf1 Qxa3 40. Qe1 a5 41. Qe8+ Kh7 42. Bd3+ Kh6 43. Qh8# 1-0

[Event "Forchheim op 10th"]
[Site "Forchheim"]
[Date "2011.10.08"]
[Round "3"]
[White "Thuerauf, Peter"]
[Black "Hasenstab, Robin"]
[Result "1-0"]
[WhiteElo "1885"]
[BlackElo "1480"]
[PlyCount "103"]
[EventDate "2011.10.07"]
[EventType "swiss"]
[EventRounds "5"]
[EventCountry "GER"]
[SourceTitle "CBM 144 Extra"]
[Source "ChessBase"]
[SourceDate "2011.10.28"]
[SourceVersion "1"]
[SourceVersionDate "2011.10.28"]
[SourceQuality "1"]

1. d4 e6 2. c4 d5 3. Nc3 c6 4. Nf3 Nf6 5. Bg5 Nbd7 6. e3 Qa5 7. Bxf6 Nxf6 8. Qc2 Ne4 9. Nd2 Nxc3 10. bxc3 dxc4 11. Bxc4 Qg5 12. 0-0 b6 13. e4 Bb7 14. f4 Qd8 15. f5 Qd7 16. fxe6 fxe6 17. Qb3 Ke7 18. Nf3 b5 19. Be2 Re8 20. Ne5 Qc8 21. Rf7+ Kd8 22. Rd7+ Qxd7 23. Nxd7 Kxd7 24. Bg4 h5 25. Bf3 g6 26. d5 Bc5+ 27. Kh1 e5 28. dxc6+ Kxc6 29. a4 a6 30. Qd5+ Kb6 31. a5+ Ka7 32. Qxc5+ Ka8 33. Rd1 Rh7 34. Qb6 Rg7 35. Rd8+ Rxd8 36. Qxd8+ Ka7 37. Qf6 Rc7 38. Qxe5 Rc4 39. Qg7 Ra4 40. h4 Ka8 41. Qf8+ Ka7 42. Qc5+ Ka8 43. Qb6 Rc4 44. Kg1 Rxc3 45. Qxg6 Rc5 46. Bxh5 b4 47. Be2 Rxa5 48. Qb6 Ra4 49. e5 b3 50. Qxb3 Rxh4 51. e6 Rh7 52. Qb6 1-0